| 000 | 00954nam a2200289 a 4500 | ||
|---|---|---|---|
| 001 | 000038129 | ||
| 003 | DO-SdBNP | ||
| 005 | 20240305140710.0 | ||
| 007 | ta | ||
| 008 | 130315s1995 dr a 000 f spa d | ||
| 040 |
_aDO-SdBNP _bspa _cBNPHU _erda |
||
| 082 |
_aCo863.2 _bI73m, _222 |
||
| 100 | 1 |
_aIsaacs, Jorge, _d1837-1895 _917342 |
|
| 245 | 1 | 0 |
_aMaría : _bnovela / _cJorge Isaacs ; editado por Malaquías Gil Arantegui |
| 264 | 1 |
_a[Santo Domingo] : _bCENAPE, _c[199-]. |
|
| 300 |
_a195 páginas _bilustraciones _c22 cm. |
||
| 336 |
_2rdacontent _atexto _btxt |
||
| 337 |
_2rdamedia _asin mediacion _bn |
||
| 338 |
_2rdacarrier _avolumen _bnc |
||
| 490 | 1 |
_aBiblioteca economica de obras maestras _v2 |
|
| 590 | _aInventariado, 2019 / DG | ||
| 650 | 4 |
_aNovela colombiana _91243 |
|
| 650 | 4 |
_aLiteratura colombiana _91244 |
|
| 700 | 1 |
_aGil Arantegui, Malaquías, _d1912-1988 _976489 |
|
| 910 | _aValidado. Control de calidad MFF | ||
| 942 |
_2ddc _cLBS1 |
||
| 999 |
_c37619 _d37619 |
||